00382pab a2200145 454500008004000000100001900040245007600059260000900135300001100144362000800155650001400163650002000177700002800197773001100225180718b2007 xxu||||| |||| 00| 0 eng d aPonappa, Shyam aInflation vs growth: ways to maximize growth and manage capital inflows c2007 ap.5-7. aOct aInflation aEconomic growth aRaghavan, TCA Srinivasa aYojana